[Event "HUN-chT2 Asztalos 1819"]
[Site "Hungary"]
[Date "2019.04.28"]
[Round "9.11"]
[White "Berei, Zsolt"]
[Black "Hegedus, Luca"]
[Result "0-1"]
[WhiteElo "1225"]
[BlackElo "1796"]
[PlyCount "84"]
[EventDate "2018.10.28"]
[EventType "team-tourn"]
[EventRounds "9"]
[EventCountry "HUN"]
[SourceTitle "EXT 2021"]
[Source "ChessBase"]
[SourceDate "2020.10.23"]
[SourceVersion "1"]
[SourceVersionDate "2020.10.23"]
[SourceQuality "1"]
[WhiteTeam "Sarosd"]
[BlackTeam "Decs 1990"]
[WhiteTeamCountry "HUN"]
[BlackTeamCountry "HUN"]

1. e4 c5 2. Nc3 Nc6 3. Nf3 d6 4. h3 g6 5. d3 Bg7 6. Bd2 Nf6 7. a3 b6 8. g3 Bb7 9. Bg2 0-0 10. Be3 Rc8 11. Qd2 Nd7 12. Bh6 Nde5 13. Bxg7 Kxg7 14. Nh4 e6 15. f4 Nd7 16. Qf2 Nd4 17. g4 Nxc2+ 18. Qxc2 Qxh4+ 19. Ke2 Qg3 20. Bf3 Qxf4 21. Raf1 Ne5 22. Nb5 Ba6 23. a4 Nc6 24. Kd1 Nd4 25. Qc3 Kg8 26. Be2 Qe3 27. Qd2 Qxd2+ 28. Kxd2 Nxb5 29. axb5 Bxb5 30. h4 c4 31. Ra1 cxd3 32. Bxd3 Bxd3 33. Kxd3 Rc7 34. h5 a5 35. h6 Rfc8 36. Ra3 Kf8 37. Rb3 Rc6 38. Rf1 Ke7 39. Kd4 Rc4+ 40. Kd3 R8c6 41. Rf2 d5 42. e5 Rxg4 0-1

[Event "HUN-chT2 Asztalos 1819"]
[Site "Hungary"]
[Date "2019.02.10"]
[Round "5.12"]
[White "Hegedus, Luca"]
[Black "Jager, Laszlo"]
[Result "1-0"]
[WhiteElo "1796"]
[BlackElo "1854"]
[PlyCount "49"]
[EventDate "2018.10.28"]
[EventType "team-tourn"]
[EventRounds "9"]
[EventCountry "HUN"]
[SourceTitle "CBM 189 Extra"]
[Source "ChessBase"]
[SourceDate "2019.06.03"]
[SourceVersion "1"]
[SourceVersionDate "2019.06.03"]
[SourceQuality "1"]
[WhiteTeam "Decs 1990"]
[BlackTeam "Baja Spartacus"]
[WhiteTeamCountry "HUN"]
[BlackTeamCountry "HUN"]

1. d4 d5 2. c4 Nf6 3. cxd5 Qxd5 4. Nc3 Qd8 5. e4 e6 6. Nf3 Be7 7. Bc4 0-0 8. 0-0 c6 9. Bf4 Nbd7 10. Re1 b5 11. Bb3 Bb7 12. Qe2 Bb4 13. Rac1 a6 14. a3 Bxc3 15. Rxc3 c5 16. Bc2 cxd4 17. Bc7 Qe7 18. Nxd4 Rfc8 19. e5 Ne8 20. Bxh7+ Kxh7 21. Qh5+ Kg8 22. Rh3 f5 23. Nxf5 Qc5 24. Qg6 Nf8 25. Nh6+ 1-0

[Event "HUN-chT2 Asztalos 1819"]
[Site "Hungary"]
[Date "2019.01.27"]
[Round "4.12"]
[White "Kiss, Janos"]
[Black "Hegedus, Luca"]
[Result "0-1"]
[WhiteElo "1607"]
[BlackElo "1796"]
[PlyCount "58"]
[EventDate "2018.10.28"]
[EventType "team-tourn"]
[EventRounds "9"]
[EventCountry "HUN"]
[SourceTitle "CBM 189 Extra"]
[Source "ChessBase"]
[SourceDate "2019.06.03"]
[SourceVersion "1"]
[SourceVersionDate "2019.06.03"]
[SourceQuality "1"]
[WhiteTeam "Kaposvar Bastya"]
[BlackTeam "Decs 1990"]
[WhiteTeamCountry "HUN"]
[BlackTeamCountry "HUN"]

1. d4 d5 2. c4 e6 3. Nc3 Nf6 4. Bf4 Be7 5. Nf3 0-0 6. a3 a6 7. e3 Nbd7 8. c5 Re8 9. Bd3 Nf8 10. 0-0 Nh5 11. Bg3 Nxg3 12. fxg3 Bf6 13. e4 dxe4 14. Bxe4 g6 15. Qd2 Bg7 16. d5 f5 17. Bc2 exd5 18. Qxd5+ Be6 19. Qxb7 Rb8 20. Qxa6 Rxb2 21. Rab1 Rxc2 22. Rfd1 Qe7 23. Nb5 Qxc5+ 24. Nfd4 Bd5 25. Kf1 Bxg2+ 26. Kg1 Re1+ 27. Rxe1 Bxd4+ 28. Nxd4 Qxd4+ 29. Re3 Qxe3# 0-1

[Event "HUN-chT2 Asztalos 1718"]
[Site "Hungary"]
[Date "2018.05.06"]
[Round "9.11"]
[White "Murphy, Eric Daniel"]
[Black "Hegedus, Luca"]
[Result "0-1"]
[WhiteElo "1240"]
[BlackElo "1786"]
[PlyCount "70"]
[EventDate "2017.10.29"]
[EventType "team-tourn"]
[EventRounds "9"]
[EventCountry "HUN"]
[SourceTitle "EXT 2021"]
[Source "ChessBase"]
[SourceDate "2020.10.23"]
[SourceVersion "1"]
[SourceVersionDate "2020.10.23"]
[SourceQuality "1"]
[WhiteTeam "Kaposvar Bastya"]
[BlackTeam "Decs 1990"]
[WhiteTeamCountry "HUN"]
[BlackTeamCountry "HUN"]

1. e4 c5 2. Nf3 Nc6 3. d4 cxd4 4. Nxd4 Nf6 5. Nc3 d6 6. Bb5 Bd7 7. 0-0 e5 8. Nxc6 bxc6 9. Bc4 Be7 10. Be3 0-0 11. Qd2 Be6 12. Be2 d5 13. exd5 cxd5 14. Bg5 d4 15. Bxf6 Bxf6 16. Ne4 Bd5 17. Bf3 Be7 18. b3 f5 19. Ng3 Bxf3 20. gxf3 Rf6 21. Qd3 Qc8 22. Rfe1 f4 23. Ne4 Rg6+ 24. Kf1 Rc6 25. Re2 Qh3+ 26. Ke1 Bb4+ 27. Nd2 Rac8 28. Kd1 Rxc2 29. Qxc2 Rxc2 30. Kxc2 Bxd2 31. Kxd2 Qxf3 32. Rc1 e4 33. Kd1 d3 34. Rc8+ Kf7 35. Rc7+ Ke8 0-1

[Event "HUN-ch U08 Girls"]
[Site "Balatonlelle"]
[Date "2013.06.23"]
[Round "4"]
[White "Sulyok, Eszter"]
[Black "Hegedus, Luca"]
[Result "1-0"]
[WhiteElo "1288"]
[BlackElo "1172"]
[PlyCount "85"]
[EventDate "2013.??.??"]
[EventType "tourn"]
[EventRounds "11"]
[EventCountry "HUN"]
[SourceTitle "EXT 2014"]
[Source "ChessBase"]
[SourceDate "2013.11.20"]
[SourceVersion "1"]
[SourceVersionDate "2013.11.20"]
[SourceQuality "1"]

1. d4 Nf6 2. c4 d6 3. Nc3 Bf5 4. Nf3 g6 5. Bg5 Bg7 6. Qd2 Nc6 7. g3 Nb4 8. Rc1 h6 9. Be3 Nc2+ 10. Rxc2 Bxc2 11. Qxc2 0-0 12. Qd2 Kh7 13. Bg2 Qd7 14. 0-0 Rad8 15. Qd3 d5 16. Ne5 Qe8 17. cxd5 a5 18. b3 Nd7 19. f4 Nxe5 20. dxe5 Qd7 21. Qb5 Qxb5 22. Nxb5 Rd7 23. Rd1 e6 24. d6 c6 25. Nc7 h5 26. Bb6 Bh6 27. Bxa5 g5 28. Bd2 gxf4 29. gxf4 h4 30. Be4+ f5 31. Bd3 Rg8+ 32. Kf1 h3 33. Bc4 Rg2 34. Bxe6 Rd8 35. Bxf5+ Kg7 36. Bxh3 Rxh2 37. Bg2 Rh4 38. Ne6+ Kg8 39. Nxd8 Bxf4 40. Bxf4 Rxf4+ 41. Kg1 Kf8 42. Nxb7 Ke8 43. d7+ 1-0